Cálculo: (Registro nro. 8703)
[ vista simple ]
| 000 -LEADER | |
|---|---|
| fixed length control field | 00918nam a2200217Ia 4500 |
| 005 - FECHA Y HORA DE LA ÚLTIMA TRANSACCIÓN | |
| control field | 20250409152806.0 |
| 008 - FIXED-LENGTH DATA ELEMENTS--GENERAL INFORMATION | |
| fixed length control field | 230725s9999 xx 000 0 und d |
| 020 ## - INTERNATIONAL STANDARD BOOK NUMBER | |
| International Standard Book Number | 958-41-0202-8 |
| 040 ## - CATALOGING SOURCE | |
| Original cataloging agency | UPAN |
| Transcribing agency | Biblioteca San Vicente |
| Description conventions | RCAA2 |
| 041 ## - LANGUAGE CODE | |
| Language code of text/sound track or separate title | spa |
| 082 ## - DEWEY DECIMAL CLASSIFICATION NUMBER | |
| Classification number | 515.15 |
| Item number | H644c |
| año de publicación | 2001 |
| 100 ## - MAIN ENTRY--PERSONAL NAME | |
| Personal name | Hoffman, Lawrence D. |
| Relator code | aut. |
| 245 #0 - TITLE STATEMENT | |
| Title | Cálculo: |
| Remainder of title | Para Administración, economía y ciencias sociales/ |
| Statement of responsibility, etc | Laurence D. Hoffman, Gerald L. Bradley; Yelka María García |
| 250 ## - EDITION STATEMENT | |
| Edition statement | 7º ed. |
| 260 ## - PUBLICATION, DISTRIBUTION, ETC. (IMPRINT) | |
| Place of publication, distribution, etc | Colombia: |
| Name of publisher, distributor, etc | McGraw Hill, |
| Date of publication, distribution, etc | 2001 |
| 300 ## - PHYSICAL DESCRIPTION | |
| Extent | 808 p.; |
| Dimensions | 27 cm. |
| 505 ## - FORMATTED CONTENTS NOTE | |
| Formatted contents note | 1. Funciones, graficas y limites<br/>2. Derivación: conceptos básicos <br/>3. Aplicaciones adicionales de la derivada<br/>4. Funciones exponenciales y logarítmicas<br/>5. Integración<br/>6. Temas adicionales de integración<br/>7. Calculo de varias variables<br/> |
| 650 ## - SUBJECT ADDED ENTRY--TOPICAL TERM | |
| Source of heading or term | LEMB |
| General subdivision | Cálculo |
| 700 ## - ADDED ENTRY--PERSONAL NAME | |
| Relator code | Bradley, Gerald L. |
| 942 ## - ADDED ENTRY ELEMENTS (KOHA) | |
| Koha item type | Libros |
| Source of classification or shelving scheme | Dewey Decimal Classification |
| Withdrawn status | Lost status | Source of classification or shelving scheme | Damaged status | Not for loan | Collection code | Home library | Current library | Date acquired | Total Checkouts | Full call number | Barcode | Date last seen | Copy number | Price effective from | Koha item type |
|---|---|---|---|---|---|---|---|---|---|---|---|---|---|---|---|
| Dewey Decimal Classification | Colección General | Biblioteca UPAN San Vicente | Biblioteca UPAN San Vicente | 25/07/2023 | 515.15 H644c | 12001494 | 25/07/2023 | 01 | 25/07/2023 | Libros | |||||
| Dewey Decimal Classification | Colección General | Biblioteca UPAN San Vicente | Biblioteca UPAN San Vicente | 08/08/2023 | 515.15 H644c | 12001495 | 08/08/2023 | 02 | 08/08/2023 | Libros |